000
00337nam a2200145Ia 4500
005
20251222152655.0
008
251222s9999||||xx |||||||||||||| ||spa||
020
_a
9707140348
082
_a
800/S69
100
_a
Sosa, Victor
245
0
_a
Los Animales Furiosos
250
_a
1ra.ed.
264
_b
Editorial Aldus, S.A.
942
_c
LIB
999
_c
28609
_d
28609